Make pain disappear : (Record no. 591882)
[ view plain ]
| 000 -LEADER | |
|---|---|
| fixed length control field | 01303cam a22003017a 4500 |
| 001 - CONTROL NUMBER | |
| control field | 17510477 |
| 005 - DATE AND TIME OF LATEST TRANSACTION | |
| control field | 20221017165424.0 |
| 008 - FIXED-LENGTH DATA ELEMENTS--GENERAL INFORMATION | |
| fixed length control field | 121026s2012 nyua 001 0 eng d |
| 010 ## - LIBRARY OF CONGRESS CONTROL NUMBER | |
| LC control number | 2012451427 |
| 020 ## - INTERNATIONAL STANDARD BOOK NUMBER | |
| International Standard Book Number | 9781606524169 (pbk.) |
| 020 ## - INTERNATIONAL STANDARD BOOK NUMBER | |
| International Standard Book Number | 9781554750832 (hardcover) |
| 035 ## - SYSTEM CONTROL NUMBER | |
| System control number | (OCoLC)ocn779185794 |
| 040 ## - CATALOGING SOURCE | |
| Original cataloging agency | PNX |
| Language of cataloging | eng |
| Transcribing agency | PNX |
| Modifying agency | OCLCQ |
| -- | CZA |
| -- | BTCTA |
| -- | BDX |
| -- | M$K |
| -- | OCLCO |
| -- | DLC |
| 042 ## - AUTHENTICATION CODE | |
| Authentication code | lccopycat |
| 050 00 - LIBRARY OF CONGRESS CALL NUMBER | |
| Classification number | RB127 |
| Item number | .F65 2012 |
| 082 04 - DEWEY DECIMAL CLASSIFICATION NUMBER | |
| Classification number | 616.0472,FOL |
| Edition number | 23 |
| 100 1# - MAIN ENTRY--PERSONAL NAME | |
| Personal name | Foltz-Gray, Dorothy. |
| 9 (RLIN) | 100544 |
| 245 10 - TITLE STATEMENT | |
| Title | Make pain disappear : |
| Remainder of title | proven strategies to get the relief you need / |
| Statement of responsibility, etc. | Dorothy Foltz-Gray. |
| 260 ## - PUBLICATION, DISTRIBUTION, ETC. | |
| Place of publication, distribution, etc. | New York ; |
| -- | Montreal : |
| Name of publisher, distributor, etc. | Reader's Digest, |
| Date of publication, distribution, etc. | c2012. |
| 300 ## - PHYSICAL DESCRIPTION | |
| Extent | 352 p. : |
| Other physical details | col. ill. ; |
| Dimensions | 26 cm. |
| 505 ## - FORMATTED CONTENTS NOTE | |
| Formatted contents note | Part 1: The Trurh about Pain (Page-119), Part 2; Six Steps to Pain Free Living (Page-138), Part 3: Healing your Pain (Page-175), Part 4: Exercise for pain Relief (Page-292), Part 5; Tools and Resources (Page-335). |
| 650 #0 - SUBJECT ADDED ENTRY--TOPICAL TERM | |
| Topical term or geographic name entry element | Chronic pain |
| Form subdivision | Popular works. |
| 9 (RLIN) | 100545 |
| 650 #0 - SUBJECT ADDED ENTRY--TOPICAL TERM | |
| Topical term or geographic name entry element | Chronic pain |
| General subdivision | Treatment |
| Form subdivision | Popular works. |
| 9 (RLIN) | 100546 |
| 650 #0 - SUBJECT ADDED ENTRY--TOPICAL TERM | |
| Topical term or geographic name entry element | Chronic pain |
| General subdivision | Alternative treatment |
| Form subdivision | Popular works. |
| 9 (RLIN) | 100547 |
| 906 ## - LOCAL DATA ELEMENT F, LDF (RLIN) | |
| a | 7 |
| b | cbc |
| c | copycat |
| d | 3 |
| e | ncip |
| f | 20 |
| g | y-gencatlg |
| 942 ## - ADDED ENTRY ELEMENTS (KOHA) | |
| Source of classification or shelving scheme | |
| Koha item type | Book |
| Withdrawn status | Lost status | Source of classification or shelving scheme | Damaged status | Not for loan | Permanent Location | Current Location | Shelving location | Date acquired | Total Checkouts | Full call number | Barcode | Date last seen | Price effective from | Koha item type | Public note |
|---|---|---|---|---|---|---|---|---|---|---|---|---|---|---|---|
| Military College of Signals (MCS) | Military College of Signals (MCS) | General Stacks | 10/17/2022 | 616.0472,FOL | MCS37791 | 10/17/2022 | 10/17/2022 | Book | Almirah No.26, Shelf No.3 |
